000 00384nam a2200169Ia 4500
005 20250423095308.0
008 250422s9999 xx 000 0 und d
020 _a0- 02- 026480- 1
050 _aPS3545.H16E7
100 _aEdith Wharton
245 0 _aEthan Frome
260 _bCollier books
260 _c1987
300 _a144 p
650 _aA scribner classic
942 _cBK
999 _c29839
_d29839